|
|
|
|
| LEADER |
01343nam a2200301 i 4500 |
| 001 |
27121 |
| 003 |
BD-DhAAL |
| 005 |
20141202141048.0 |
| 008 |
141202s2012 bg b 000 0 eng |
| 010 |
|
|
|a 2013310297
|
| 020 |
|
|
|a 9789845591850
|
| 040 |
|
|
|a DLC
|b eng
|e rda
|c DLC
|d DLC
|d BD-DhAAL
|
| 050 |
0 |
0 |
|a T58.5
|b .P38 2012
|
| 082 |
|
|
|2 22
|a 004/.071/2095492
|
| 100 |
1 |
|
|a Paul, Jillur Rahaman,
|e author.
|9 6408
|
| 245 |
1 |
0 |
|a Prospects of compulsory IT education at secondary level :
|b a study in selected areas of Bangladesh /
|c Jillur Rahaman Paul, Kazi Sonia Rahman, Abdullah Al Mamun.
|
| 260 |
|
|
|a Comilla :
|b Bangladesh Academy for Rural Development,
|c 2012
|
| 300 |
|
|
|a xi, 100 pages ;
|c 23 cm
|
| 504 |
|
|
|a Includes bibliographical references (pages 98-100).
|
| 541 |
|
|
|e 27121
|
| 650 |
|
0 |
|a Information technology
|x Study and teaching (Secondary)
|z Bangladesh.
|9 6409
|
| 650 |
|
0 |
|a Telecommunication
|x Study and teaching (Secondary)
|z Bangladesh.
|9 6410
|
| 700 |
1 |
|
|a Rahman, Kazi Sonia,
|e author.
|9 6411
|
| 700 |
1 |
|
|a Al Mamun, Abdullah,
|e author.
|9 6412
|
| 710 |
2 |
|
|a Bāṃlādeśa Pallī Unnaẏana Ekāḍemī.
|9 6413
|
| 942 |
|
|
|2 ddc
|c BK
|
| 999 |
|
|
|c 33179
|d 33179
|
| 952 |
|
|
|0 0
|1 0
|2 ddc
|4 0
|6 004_000000000000000__071_2095492_PAU
|7 0
|9 44291
|a BRACUL
|b BRACUL
|c GEN
|d 2014-12-02
|g 150.00
|l 0
|o 004.0712095492 PAU
|p 3010027121
|r 2014-12-02
|t 1
|w 2014-12-02
|y BK
|